Fr. Conceicao Rodrigues College of Engineering

Networks for Computer Scientists and Engineers (Record no. 29101)

MARC details
000 -LEADER
fixed length control field 00361nam a2200157Ia 4500
082 ## - DEWEY DECIMAL CLASSIFICATION NUMBER
Classification number 4.65
Item number ZHE
100 ## - MAIN ENTRY--PERSONAL NAME
Personal name Zheng Youlu/ Akhtar/S
245 ## - TITLE STATEMENT
Title Networks for Computer Scientists and Engineers
260 ## - PUBLICATION, DISTRIBUTION, ETC.
Name of publisher, distributor, etc. Oxford university press
Date of publication, distribution, etc. 2002
366 ## - TRADE AVAILABILITY INFORMATION
Publishers's discount category 25
300 ## - PHYSICAL DESCRIPTION
Extent 575
546 ## - LANGUAGE NOTE
Language note ENGLISH
650 ## - SUBJECT ADDED ENTRY--TOPICAL TERM
Topical term or geographic name entry element Networks
654 ## - SUBJECT ADDED ENTRY--FACETED TOPICAL TERMS
Focus term networks
942 ## - ADDED ENTRY ELEMENTS (KOHA)
Koha item type BOOK
Holdings
Withdrawn status Lost status Damaged status Not for loan Collection Home library Current library Date acquired Source of acquisition Cost, normal purchase price Inventory number Total Checkouts Full call number Barcode Date last seen Cost, replacement price Price effective from Koha item type
        CRC Fr. Agnel's C.Rodrigues College of Engineering Fr. Agnel's C.Rodrigues College of Engineering 17/03/2023 Dharma Enterprises 350.00 3753 dt 05/01/2010   4.65 ZHE 20299 17/03/2023 375.00   BOOK
        CRC Fr. Agnel's C.Rodrigues College of Engineering Fr. Agnel's C.Rodrigues College of Engineering 17/03/2023 Dharma Enterprises 350.00 3753 dt 05/01/2010   4.65 ZHE 20300 17/03/2023 375.00   BOOK
        CRC Fr. Agnel's C.Rodrigues College of Engineering Fr. Agnel's C.Rodrigues College of Engineering 17/03/2023 Dharma Enterprises 350.00 3753 dt 05/01/2010   4.65 ZHE 20301 17/03/2023 375.00   BOOK
        CRC Fr. Agnel's C.Rodrigues College of Engineering Fr. Agnel's C.Rodrigues College of Engineering 17/03/2023 Dharma Enterprises 350.00 3753 dt 05/01/2010   4.65 ZHE 20302 17/03/2023 375.00   BOOK
        CRC Fr. Agnel's C.Rodrigues College of Engineering Fr. Agnel's C.Rodrigues College of Engineering 17/03/2023 Dharma Enterprises 350.00 3753 dt 05/01/2010   4.65 ZHE 20303 17/03/2023 375.00   BOOK